Top 10 Tennis Grand Slam American Men's Players in Open Era - Statistics

General Stats
  • This quiz has been taken 188 times
  • The average score is 7 of 10
Answer Stats
# Player Best Performance Points % Correct
3 Andre Agassi Win (8) 135
98%
2 Pete Sampras Win (14) 138
98%
4 John McEnroe Win (7) 103
91%
1 Jimmy Connors Win (8) 146
86%
7 Andy Roddick Win (1) 60
85%
5 Jim Courier Win (4) 63
79%
8 Michael Chang Win (1) 47
69%
6 Arthur Ashe Win (3) 60
66%
9 Stan Smith Win (2) 45
49%
10 Vitas Gerulaitis Win (1) 41
24%
No matching quizzes found
Score Distribution
Percent of People with Each Score
Percentile by Number Answered
Your Score History
You have not taken this quiz